00514 a2200157 4500003000500000005001700005040000900022082001100031245009100042505003000133650002100163651003000184655002000214999001900234952010300253Nust20170207154602.0 cNust a025.34 aBeginners english stage 2 language review: Units : 8-11, side 1: units: 13-16, side 2  aAlmirah No.73 shelf No.6  aEnglish learning aBeginners english stage 2 aLanguage review c198619d198619 00102ddc40708NFICaMCSbMCSd2016-12-12l0o025.34 BEGpMCSCst-40r2016-12-08w2016-12-12yBK